000 03518nab a2200313 i 4500
003 BR-BrBNA
005 20240606125115.0
008 240606b2023 bl.ar|pooa||| 00| 0 eng |
040 _aBR-BrBNA
_beng
072 _aF01
_b1110
100 _aCano-Gallego, Lucas Esteban
100 _aBedoya-Ramírez, Sara Isabel
100 _aBernal-Estrada, Jorge Alonso
100 _aBarrera-Sánchez, Carlos Felipe
100 _aCórdoba-Gaona, Oscar de Jesús
245 _aYield and fruit quality of avocado grown at different planting densities in Colombia
500 _a Publicação on-line; 28 ref.; 3 tables; 3 illus.; Summaries (En, Pt)
520 _a Abstract – The objective of this work was to determine the effect of planting densities on the yield and quality of 'Hass' avocado (Persea americana) in the department of Antioquia, Colombia. The experimental design was randomized complete blocks with three replicates. The treatments were six plant densities (204, 278, 333, 400, 625, and 816 trees per hectare) with five harvest seasons, and each experimental unit consisted of six nine-year-old trees. The highest fruit yield is obtained at 333 and 400 trees per hectare. The main harvest represents 70% (18 Mg ha-1) of the annual production, whereas the secondary (mitaca) harvest represents 30% (5.25 Mg ha-1). Yield per tree and number of avocado fruits per tree are negatively affected by the increase in planting densities. In addition, fruit quality parameters show better results at intermediate planting densities of 333 and 400 trees per hectare, with the highest ratios of mesocarp and the lowest of seed, both in fresh and dry weight. Index terms: Persea americana, planting system, tree spacing, yield potential
520 _a Resumo – O objetivo deste trabalho foi determinar o efeito de densidades de plantio na produção e na qualidade do abacateiro 'Hass' (Persea americana) no departamento de Antioquia, Colômbia. O delineamento experimental foi de blocos ao acaso, com três repetições. Os tratamentos foram seis densidades de plantio (204, 278, 333, 400, 625 e 816 árvores por hectare) com cinco colheitas, e cada unidade experimental consistiu em seis árvores com nove anos de idade. O maior rendimento é obtido às densidades de 333 e 400 árvores por hectare. A colheita principal representa 70% (18 Mg ha-1) da produção anual, enquanto a colheita secundária (mitaca) representa 30% (5.25 Mg ha-1). A produção por árvore e o número de frutos de abacate por árvore é afetado negativamente pelo aumento das densidades de plantio. Além disso, os parâmetros de qualidade dos frutos apresentam melhores resultados nas densidades de plantio intermediárias de 333 e 400 árvores por hectare, com as maiores proporções de mesocarpo e a menor de sementes, tanto em massa fresca quanto em seca. Termos para indexação: Persea americana, sistema de plantio, espaçamento entre árvores, potencial de rendimento
650 _aABACATE
650 _aDENSIDADE DE PLANTIO
650 _aESPAÇAMENTO
650 _aRENDIMENTO
650 _aCOLÔMBIA
773 0 _0920
_925804
_dBrasília-DF Empresa Brasileira de Pesquisa Agropecuária - EMBRAPA 1966-
_o2023-436359
_tPesquisa Agropecuária Brasileira (Brazil)
_x0100-204X
_gv. 58 p. 1-11; (2023)
_wBR2024001111
856 _uhttps://www.scielo.br/j/pab/a/ZZBGyWNWqSr5Yzjt5k57DrN/?format=pdf&lang=en
942 _cAnalítica
999 _c299934
_d299934